000 01415cai a22002295a 4500
001 L140971
008 070424u2007 xxkad f s 000 0 eng d
035 _a(Sirsi) u140971
041 0 _aeng
050 0 4 _a333.33 $2 18
110 2 _aSavills
_92020
245 0 0 _aSavills UK commercial development activity PMI
_bJuly 2007
_h[electronic resource]
260 _aLondon
_bSavills
_c2007
490 0 _aSavills UK Commercial Development Activity PMI
_vJuly 2007
520 _aReports the Total Commercial Activity Index stood at 56.2 in June, representing a 12.3% increase from the previous month. However, the index was down from 61.0 in May, representing the slowest rate of growth in five months. Public and private sector construction stood at 50.2 and 59.3 respectively, with activity growth in both areas of development the weakest since January (ie 56.1 and 64.2 respectively). For a fifth consecutive month, private sector new build was the strongest performing area of commercial activity covered by the survey. The latest expansion of public sector new build was 15.5%; the highest increase for eight months.
590 _aKA
650 2 4 _aSAVILLS UK COMMERCIAL DEVELOPMENT ACTIVITY PMI
651 4 _aEngland and Wales
_y1543-
690 _aPROPERTY-COMMERCIAL PROPERTY-COMMERCIAL PROPERTY MARKET
856 4 0 _uhttps://www.savills.com/
_zView the item free of charge at www.savills.com...
942 _n0
999 _c107584
_d107584